01406nam a2200253 i 4500001000300000100002200003245008900025246007800114260004600192300005100238490024400289500014300533504002600676650003500702650003900737650002000776710007700796830010200873040000800975041001100983080001900994008004101013856009801054bg1 aWILIMOWSKA, Zofia10aMetodyka budowy efektywnego portfela projektów inwestycyjnych /cZofia Wilimowska.11aMethods of construction of the effective portfolio of investment projects aWrocław :bOficyna Wydawnicza PW,c1997. a192 s. :brys., wykr. (w tym kolor.) ;c24 cm.1 aPrace Naukowe Instytutu Organizacji i Zarządzania Politechniki Wrocławskiej. Monografie =aScientific Papers of the Institute of Industrial Engineering and Management of the Technical University of Wrocław. Monographs,x0324-9492 ;v29 aTyt. równol. : Methods of construction of the effective portfolio of investment projects. - Numeracja w serii gł. : 66. - Streszcz ang. aBibliogr. s. 189-191. 9aInwestycjexplanowaniexmetody 9aRynek kapitałowyxbadaniexmetody 9aRyzykoxfinanse 0aPOLITCHNIKA WROCŁAWSKA (Wrocław)bInstytut Organizacji i Zarządzania 0aPrace Naukowe Instytutu Organizacji i Zarządzania Politechniki Wrocławskiej.pMonografie ;v29 cBPK0 aplben a336.76:330.322 s pl f |000 0 pol  uhttp://koha.tu.koszalin.pl/cgi-bin/koha/opac-detail.pl?biblionumber=33176yKatalog online BPK